Statistics for F1 Season: 1964 Race Winners

Click here to take the quiz!

General Stats

  • This quiz has been taken 68 times
  • The average score is 8 of 10

Answer Stats

Grand PrixDriver% Correct
DutchJim Clark
98%
BelgianJim Clark
98%
BritishJim Clark
98%
MonacoGraham Hill
97%
United StatesGraham Hill
97%
GermanJohn Surtees
92%
ItalianJohn Surtees
92%
FrenchDan Gurney
55%
Mexican Dan Gurney
55%
AustrianLorenzo Bandini
44%

Score Distribution

Percentile by Number Answered

Percent of People with Each Score

Your Score History

You have not taken this quiz